Dragon Ball Legends - Legends Limited, Ultra & Legend Character Quiz - Statistics

General Stats
  • This quiz has been taken 594 times
    47 since last reset
  • The average score is 84 of 118
Answer Stats
Hint Answer % Correct
Yellow Majin Vegeta
100%
Green Super Saiyan 3 Vegeta
100%
Red Super Saiyan 4 Vegeta
100%
Yellow Super Saiyan God SS Evolved Vegeta
100%
Yellow Super Saiyan God SS Kaioken Goku
100%
Green Super Saiyan God SS Vegeta
100%
Red Super Vegeta
100%
Blue | Green | Purple | Red Vegeta
100%
Blue | Yellow Beast Gohan
97%
Blue | Yellow Goku
97%
Green Super Full Power Saiyan 4 Goku
97%
Green | Purple Super Saiyan 3 Goku
97%
Blue | Yellow Super Saiyan 4 Goku
97%
Green Super Saiyan God Goku
97%
Green Super Saiyan God SS Goku
97%
Blue | Purple | Red | Yellow Super Saiyan Goku
97%
Red Ultra Instinct Goku
97%
Purple | Yellow Ultra Instinct Sign Goku
97%
Red Goku & Kaioken Goku
94%
Yellow Super Saiyan 2 & Super Saiyan God SS Trunks & Vegeta
94%
Blue Super Saiyan 3 & Super Saiyan 2 Goku & Vegeta
94%
Green Super Saiyan 4 Goku & Vegeta
94%
Green Super Saiyan God SS Evolved & Super Saiyan God SS Kaioken Vegeta & Goku
94%
Purple | Yellow Super Saiyan God SS Goku & Vegeta
94%
Purple Super Saiyan God SS Vegeta & Super Saiyan God SS Evolved Vegeta
94%
Yellow Super Saiyan Gohan
94%
Purple | Red Ultimate Gohan
94%
Green Super Saiyan 3 Goku & Super Saiyan 2 Goku
91%
Blue Ultra Instinct Goku & Ultra Instinct Sign Goku
91%
Blue Vegeta & Goku
91%
Blue Super Gogeta
88%
Green | Purple Super Saiyan 4 Gogeta
88%
Purple | Yellow Super Saiyan God SS Gogeta
88%
Blue | Red Super Saiyan God SS Vegito
88%
Purple | Yellow Super Vegito
88%
Green God Of Destruction Beerus
85%
Purple Demon King Piccolo
82%
Green Vegeta, Goku & Super Gogeta
82%
Green Vegito & Super Saiyan God SS Vegito
82%
Purple 1st Form Frieza
79%
Purple Golden Frieza
79%
Yellow Piccolo
79%
Green Power Awakening Piccolo
79%
Red Hit
76%
Blue Fused With Kami Piccolo
73%
Purple Goku & Final Form Frieza
73%
Purple Legendary Super Saiyan Broly
73%
Green | Purple Super Saiyan Rose Goku Black
73%
Red Ultimate Gohan Absorbed Buu Super
73%
Yellow Bardock
70%
Yellow Goku Black & Super Saiyan Rose Goku Black
70%
Purple | Red Perfect Cell
70%
Purple Perfect Form Cell
70%
Red Super 17
70%
Red Super Saiyan Broly & Legendary Super Saiyan Broly
70%
Red & Purple Super Saiyan God Goku & Hit
70%
Blue Android 17
67%
Blue | Yellow Buu Kid
67%
Blue Goku & Bardock
67%
Red Super Saiyan 3 Gotenks
67%
Purple Super Saiyan Goten Kid
67%
Red Android 17 & Android 18
64%
Blue Fusion Android & Android 13
64%
Red Fusion Zamasu
61%
Purple | Red Half Corrupted Fusion Zamasu
61%
Purple Metal Cooler
55%
Purple Nappa
55%
Red Final Form Cooler
52%
Green | Red Omega Shenron
52%
Blue | Yellow Super Janemba
52%
Green Super Saiyan 2 Kefla
52%
Blue Turles
39%
Purple Jiren Full Power
27%
Purple Super Saiyan 3 Goku Mini
24%
Yellow Super Saiyan 3 Vegeta Mini
24%
Red Super Saiyan Goku Mini
24%
Green | Yellow Final Form Frieza Full Power
21%
Blue Super Saiyan Broly Full Power
21%
Yellow Gamma 1 & Gamma 2
18%
Green Super Saiyan Trunks Teen
18%
Green Pikkon
15%
Yellow Super Baby 2
15%
Purple | Yellow Goku Youth
12%
Blue | Green | Red Super Saiyan 2 Gohan Youth
12%
Purple Super Saiyan Gohan Youth
12%
Blue & Purple Trunks Youth, Super Saiyan Gohan & Super Saiyan Trunks Youth
12%
Blue | Green Super Saiyan Trunks Adult
9%
No matching quizzes found
Score Distribution
Percent of People with Each Score
Percentile by Number Answered
Your Score History
You have not taken this quiz since the last reset